zpět

Detail výsledku týmu

Rockle Klub, České Budějovice

Datum a čas kvízu

16 Celkem bodů Celkový počet nahraných bodů na tomto kvízu bez doplňovacích otázek.
11. Pořadí na kvízu Konečné umístění týmu na tomto kvízu.

Zaznamenané odpovědi

# Otázka Odpověď Body Výsledky
1. Česko monitoruje situaci a vyh... Severní Korea 0
2. Hudba z kterého amerického fil... Terminátor 0
3. Jak se jmenuje 88letý zahranič... Alain Delon 0
4. Úřad pro ochranu hospodářské s... Pernod Ricard 0
5. Jak se jmenuje dosavadní šéf Č... Ivo Kaderka 0
6. Napište, kterým slovem se ozna... okostice (periost) 0
7. Ve kterém českém městě najdeme... v Brně 0
8. Hlavní postava seriálu Sběrate... Booth 0
9. Která párová kost u psů a koní... klíční kost (clavicula) 1
10. V září roku 2012 byla pod park... Richard III. 0